• 首页
  • 本馆介绍
  • 公告通知
  • 最新文献
  • 馆藏检索
  • 电子资源
  • 读者导购
  • 参考咨询
  • 我的图书馆
  • 登录
  • 详细信息显示
  • 放入我的书架
  • 预约/预借图书
  • 作者相关作品
  • 分类相关作品
  • 丛书相关作品
  • 出版社相关作品

书目信息

  • 表格格式
  • 工作单格式
  • 卡片格式
题名:
号角
    
 
作者: 唐思 , 谢亮 , 刚寒峰 主编
分册: Ⅱ  
出版信息: 北京   中国长安出版社  2018
页数: 277页
开本: 27cm
丛书名: 指文图书
单 册:
中图分类: TS941.732 , J536.5 (1)
科图分类:
主题词: 制服--zhi fu--服装艺术--世界 , 徽章--hui zhang--工艺美术--世界
电子资源:
ISBN: 978-7-5107-0709-4
000 01182nam 2200349 45
001 012001009802
005 20191107141125.48
010    @a978-7-5107-0709-4@dCNY179.80
099    @aCAL 012014107760
100    @a20140521d2014 em y0chiy50 ea
101 0  @achi
102    @aCN@b110000
105    @aa z 000yy
106    @ar
200 1  @a号角@Ahao jiao@e世界经典制服徽章艺术@hⅡ@f唐思, 谢亮, 刚寒峰主编
210    @a北京@c中国长安出版社@d2018
215    @a277页@c彩图@d27cm
225 2  @a指文图书@Azhi wen tu shu
312    @a英文题名取自封面
330    @a本书主要内容包括: 法兰西柱石: 法国荣誉军团和荣誉军团勋章全史 ; 以伟人的名义: 苏联列宁勋章鉴赏等。
410  0 @12001@@a指文图书
510 1  @aClarion militaria collection publication@zeng
517 1  @a世界经典制服徽章艺术@Ashi jie jing dian zhi fu hui zhang yi shu
606 0  @a制服@Azhi fu@x服装艺术@y世界
606 0  @a徽章@Ahui zhang@x工艺美术@y世界
690    @aTS941.732@v4
690    @aJ536.5 (1)@v4
701  0 @a唐思@Atang si@4主编
701  0 @a谢亮@Axie liang@4主编
701  0 @a刚寒峰@Agang han feng@4主编
801  2 @aCN@b上海新华@c20191020
905    @b1189540-1@dTS941.732@e98:2@f2
    
    号角:世界经典制服徽章艺术.Ⅱ/唐思, 谢亮, 刚寒峰主编.-北京:中国长安出版社,2018
    277页:彩图;27cm.-(指文图书)
    
    
    ISBN 978-7-5107-0709-4:CNY179.80
    本书主要内容包括: 法兰西柱石: 法国荣誉军团和荣誉军团勋章全史 ; 以伟人的名义: 苏联列宁勋章鉴赏等。
●
相关链接 在E读中查询图书 在五车中查询图书 在当当中查询图书 在豆瓣中查询图书


正题名:号角     索取号:TS941.732/98:2         预约/预借

序号 登录号 条形码 馆藏地/架位号 状态 备注
1 1189540   211895403   第二样本阅览室/ [索取号:TS941.732/98:2] 在馆    
2 1189541   211895412   第三借阅区/ [索取号:TS941.732/98:2] 在馆    
唐山师范学院图书馆 欢迎您!
大连网信软件有限公司© 版权所有